Fr. Conceicao Rodrigues College of Engineering

Technologies for smart sensors and sensor fusion (Record no. 35996)

MARC details
000 -LEADER
fixed length control field 00267 a2200109 4500
000 - LEADER
fixed length control field nam a22 7a 4500
020 ## - INTERNATIONAL STANDARD BOOK NUMBER
International Standard Book Number 9780367268763
100 ## - MAIN ENTRY--PERSONAL NAME
Personal name Yallup,Kevin
9 (RLIN) 110
245 ## - TITLE STATEMENT
Title Technologies for smart sensors and sensor fusion
260 ## - PUBLICATION, DISTRIBUTION, ETC.
Name of publisher, distributor, etc. CRC
Date of publication, distribution, etc. 2019
264 ## - PRODUCTION, PUBLICATION, DISTRIBUTION, MANUFACTURE, AND COPYRIGHT NOTICE
Name of producer, publisher, distributor, manufacturer CRC

No items available.